[Event "Titled Tuesday intern op 11th May"]
[Site "Chess.com INT"]
[Date "2021.05.11"]
[Round "9"]
[White "Sokolovsky, Yahli"]
[Black "Rojas Alarcon, Julian Antonio"]
[Result "1-0"]
[WhiteElo "2431"]
[BlackElo "2397"]
[PlyCount "53"]
[EventDate "2021.05.11"]
[EventType "swiss (blitz)"]
[EventRounds "11"]
[EventCountry "USA"]
[SourceTitle "CBM 202 Extra"]
[Source "ChessBase"]
[SourceDate "2021.07.31"]
[SourceVersion "1"]
[SourceVersionDate "2021.07.31"]
[SourceQuality "1"]

1. b3 b6 2. Bb2 Bb7 3. e3 d6 4. f4 Nd7 5. Nf3 Ngf6 6. Be2 g6 7. 0-0 Bg7 8. h3 0-0 9. Nc3 e5 10. fxe5 dxe5 11. d4 Qe7 12. Qe1 Rfe8 13. Qf2 exd4 14. exd4 Bh6 15. Kh1 Nh5 16. Ne5 Nxe5 17. Bxh5 gxh5 18. dxe5 Rad8 19. Rad1 Rxd1 20. Nxd1 Rd8 21. Ne3 Qe6 22. Nf5 Rd2 23. Nxh6+ Kf8 24. Qxd2 Qxh3+ 25. Kg1 Qg3 26. Rxf7+ Ke8 27. Qd7# 1-0

[Event "Titled Tuesday intern op 04th May"]
[Site "Chess.com INT"]
[Date "2021.05.04"]
[Round "11"]
[White "Aldokhin, Ivan"]
[Black "Rojas Alarcon, Julian Antonio"]
[Result "1-0"]
[WhiteElo "2413"]
[BlackElo "2397"]
[PlyCount "63"]
[EventDate "2021.05.04"]
[EventType "swiss (blitz)"]
[EventRounds "11"]
[EventCountry "USA"]
[SourceTitle "CBM 202 Extra"]
[Source "ChessBase"]
[SourceDate "2021.07.31"]
[SourceVersion "1"]
[SourceVersionDate "2021.07.31"]
[SourceQuality "1"]

1. e4 c5 2. Nf3 d6 3. d4 cxd4 4. Nxd4 Nf6 5. Nc3 g6 6. Bc4 Bg7 7. Bb3 Nc6 8. h3 Bd7 9. Be3 a6 10. 0-0 0-0 11. f4 Rc8 12. Nf3 Be6 13. Qe1 Na5 14. Qh4 Rxc3 15. bxc3 Nxe4 16. Bd4 Nxb3 17. cxb3 Nxc3 18. Bxg7 Kxg7 19. Ng5 h6 20. Nxe6+ fxe6 21. Rae1 Rf6 22. Qg4 Nd5 23. Rxe6 h5 24. Qe2 Rf7 25. f5 gxf5 26. Qxh5 Nf6 27. Qg5+ Kf8 28. Rxf5 Qc7 29. Qh6+ Ke8 30. Rfxf6 Qc5+ 31. Kh2 Rxf6 32. Qxf6 1-0

[Event "Titled Tuesday intern op 04th May"]
[Site "Chess.com INT"]
[Date "2021.05.04"]
[Round "2"]
[White "Escobar Forero, Alder"]
[Black "Rojas Alarcon, Julian Antonio"]
[Result "1-0"]
[WhiteElo "2510"]
[BlackElo "2397"]
[PlyCount "83"]
[EventDate "2021.05.04"]
[EventType "swiss (blitz)"]
[EventRounds "11"]
[EventCountry "USA"]
[SourceTitle "CBM 202 Extra"]
[Source "ChessBase"]
[SourceDate "2021.07.31"]
[SourceVersion "1"]
[SourceVersionDate "2021.07.31"]
[SourceQuality "1"]

1. d4 Nf6 2. Nc3 d5 3. Bg5 e6 4. e4 dxe4 5. Nxe4 Nbd7 6. Nf3 Be7 7. Nxf6+ Bxf6 8. h4 h6 9. Bf4 Be7 10. Bd3 Bd6 11. Ne5 Nxe5 12. dxe5 Bc5 13. Qg4 g6 14. 0-0-0 Qe7 15. h5 g5 16. Bg3 Bd7 17. f4 0-0-0 18. Rhf1 Rhg8 19. f5 exf5 20. Bxf5 Bxf5 21. Qxf5+ Kb8 22. c3 Rxd1+ 23. Rxd1 Rd8 24. Rxd8+ Qxd8 25. Qxf7 Be3+ 26. Kc2 Qd2+ 27. Kb3 Qd1+ 28. Ka3 a6 29. Qf8+ Ka7 30. Bf2 Qe2 31. Bxe3+ Qxe3 32. Qe7 Qb6 33. b4 Ka8 34. Qf8+ Ka7 35. Qc5 Kb8 36. Qxb6 cxb6 37. c4 Kc7 38. Kb3 Kd7 39. Kc3 Ke6 40. Kd4 a5 41. b5 a4 42. a3 1-0

[Event "Titled Tuesday intern op 04th May"]
[Site "Chess.com INT"]
[Date "2021.05.04"]
[Round "10"]
[White "Garcia Garcia, Alejandro"]
[Black "Rojas Alarcon, Julian Antonio"]
[Result "0-1"]
[WhiteElo "2247"]
[BlackElo "2397"]
[PlyCount "62"]
[EventDate "2021.05.04"]
[EventType "swiss (blitz)"]
[EventRounds "11"]
[EventCountry "USA"]
[SourceTitle "CBM 202 Extra"]
[Source "ChessBase"]
[SourceDate "2021.07.31"]
[SourceVersion "1"]
[SourceVersionDate "2021.07.31"]
[SourceQuality "1"]

1. d4 Nf6 2. c4 e6 3. Nc3 Bb4 4. Nf3 b6 5. Bd2 Bb7 6. e3 0-0 7. Be2 Qe7 8. 0-0 d6 9. Rc1 Nbd7 10. a3 Bxc3 11. Bxc3 e5 12. b4 Ne4 13. Bb2 Rad8 14. Qb3 Ng5 15. Nxg5 Qxg5 16. d5 Bc8 17. f4 exf4 18. exf4 Qh6 19. Rc3 Nf6 20. Rg3 Rfe8 21. Bd1 Re4 22. Qc3 Kf8 23. Bf3 Re7 24. Qc2 Rde8 25. Bxf6 gxf6 26. Bg4 Bxg4 27. Rxg4 Re1 28. Qf5 Rxf1+ 29. Kxf1 Qxh2 30. Qd3 f5 31. Rg5 Qxf4+ 0-1

[Event "Titled Tuesday intern op 04th May"]
[Site "Chess.com INT"]
[Date "2021.05.04"]
[Round "3"]
[White "Rojas Alarcon, Julian Antonio"]
[Black "Vega Gutierrez, Sabrina Neide"]
[Result "1-0"]
[WhiteElo "2397"]
[BlackElo "2392"]
[PlyCount "75"]
[EventDate "2021.05.04"]
[EventType "swiss (blitz)"]
[EventRounds "11"]
[EventCountry "USA"]
[SourceTitle "CBM 202 Extra"]
[Source "ChessBase"]
[SourceDate "2021.07.31"]
[SourceVersion "1"]
[SourceVersionDate "2021.07.31"]
[SourceQuality "1"]

1. c4 e5 2. Nc3 d6 3. g3 f5 4. d4 Be7 5. Bg2 Nf6 6. Bg5 c6 7. Bxf6 Bxf6 8. e3 0-0 9. Nge2 Be6 10. d5 Bf7 11. b4 e4 12. Rc1 Na6 13. a3 Nc7 14. 0-0 Bh5 15. Qd2 Qd7 16. dxc6 bxc6 17. b5 cxb5 18. cxb5 Be5 19. Nd4 Kh8 20. Nc6 Qf7 21. Nxe5 dxe5 22. Qd6 Rae8 23. Nxe4 fxe4 24. Rxc7 Qf5 25. Rc2 Bf3 26. a4 Rf6 27. Qc7 Rh6 28. Rd2 Bxg2 29. Rd8 Rg8 30. Rxg8+ Kxg8 31. Qd8+ Kf7 32. Qc7+ Kg6 33. Qc6+ Kg5 34. f4+ exf3 35. Qc1 e4 36. Rd1 Kg4 37. Qc7 Rxh2 38. Qxg7+ 1-0